A kombinatív képesség fejlesztése az óvodában

Elmentve itt :
Bibliográfiai részletek
Szerző: Kuti István
További közreműködők: Nincs megadva (Témavezető)
Dokumentumtípus: Disszertáció
Megjelent: 1984
Tárgyszavak:
Online Access:http://doktori.ek.szte.hu/3765
LEADER 00602nta a2200181 i 4500
001 dokt3765
005 20240903112415.0
008 170213s1984 hu om 000 hun d
040 |a SZTE Doktori Repozitórium  |b hun 
041 |a hun 
100 1 |a Kuti István 
245 1 2 |a A kombinatív képesség fejlesztése az óvodában  |h [elektronikus dokumentum] /  |c  Kuti István 
260 |c 1984 
502 |a Disszertacio 
650 4 |a neveléstudományok 
650 4 |a Oktatástudomány 
700 0 1 |a Nincs megadva  |e ths 
856 4 0 |u https://doktori.bibl.u-szeged.hu/id/eprint/3765/1/1984_kuti_istvan.pdf  |z Dokumentum-elérés